000 00488nam a2200145Ia 4500
003 OSt
005 20260226160047.0
008 211028s2019 xx 000 0 und d
040 _cAIMIT LIBRARY
041 _aeng
100 _aD sa, Vilina Ristha; Harinakshi
_g1716158
_98135
245 _aPredictor of employee job satisfaction using five factor model of personality with reference to sai Radha group of concerns, Udupi /
260 _aManalore
_bLestan Dsouza
_c2019
942 _2ddc
_cPRO
999 _c219703
_d219703